Statistics for UK Country, City & History Quiz

Click here to take the quiz!

General Stats

  • This quiz has been taken 50 times
  • The average score is 9 of 15

Answer Stats

QuestionAnswer% Correct
Who is heir to the throne of the UK?William
100%
What is the Capital of England?London
98%
What is the Capital of Wales?Cardiff
96%
What is the Capital of Scotland?Edinburgh
96%
What is the Capital of Northern Ireland?Belfast
92%
what is the Biggest river in the UK?Severn, Wales
71%
How many overseas territories does the UK own (modern day)14
51%
When was the Kingdom of Great Britain and Ireland Founded?1801
51%
When did the British Empire end?1997
45%
When did the Vikings first invade England?793
43%
How many National Parks are there in the UK?15
35%
How many cities are there in the UK?76
35%
How many countries did the British Empire invade?171
33%
How many countries are in the Commonwealth?56
27%
5 Biggest cities in the UK? according to StatistaLondon, Manchester, Leeds, Birmingham, Glasgow
22%

Score Distribution

Percentile by Number Answered

Percent of People with Each Score

Your Score History

You have not taken this quiz